000 01049nam2a22002531 4500
001 RU\NLR\A1SV\150239
005 20251214193003.0
035 _a(NLR Aleph) 011852073
090 _a13493433
_c13493433
100 _a20181019d1924 u y0rusy50 ca
101 0 _arus
200 1 _aЗемледелие
_fТ.Штюблер
_cПриродоведение
_fМ.Кестнер
_cФизика
_fМ.Ланггут
_cХимия и минералогия
_fМ.Миттаг и Х.Шефер
215 _a120 с.
_cил.
461 1 _1001RU\NLR\A1SV\146748
_12000#$vВып.3
_911203475
_cМ.
_d[1924]
_fПабст А., Ресгер К., Бец К., Лангутт М., Штюблер Г. и др.
_nГос. изд-во
_oСб. ст.
_tТеория и практика трудовой школы в Германии
_vВып.3
702 1 _aШтюблер
_bГ.
702 1 _aКестнер
_bМ.
702 1 _aМиттаг
_bМ.
702 1 _aШефер
_bХ.
801 0 _aRU
_bNLR
_c20181019
852 _aNLR
942 _cBOOK
980 _aA1SV
980 _aNB